| 000 | 00623nam a2200205 u 4500 | ||
|---|---|---|---|
| 005 | 20210223133101.0 | ||
| 008 | 160928s2002 r 000 0 eng d | ||
| 020 | _a9789682463709 | ||
| 035 | _aUPN01000213720 | ||
| 049 | _aI | ||
| 050 | 4 |
_aBF637 T7.7 _bR6.5 2002 |
|
| 100 | 1 |
_aRobles Boza, Eduardo, _d1941-2012 _929633 |
|
| 245 | 1 | 0 |
_aMi amigo dice mentiras / _cEduardo Robles Boza; il. de Roberto López. |
| 250 | _a2a ed. | ||
| 260 |
_aMéxico : _bTrillas, _c2002. |
||
| 300 |
_a32 p. : _bil. |
||
| 440 | 0 | _aLos Problemas de mi amigo | |
| 650 | 4 |
_aVERDAD Y MENTIRA - _vLITERATURA INFANTIL _911239 |
|
| 905 | _aInfantil | ||
| 999 |
_c185820 _d185820 |
||